The primordial refugees: religious traditions, global forced migration, and state-society relations/

Uloženo v:
Podrobná bibliografie
Hlavní autor: Hein, Jeremy
Další autoři: Niazi, Tarique
Médium: Kniha
Jazyk:English
Tagy: Přidat tag
Žádné tagy, Buďte první, kdo vytvoří štítek k tomuto záznamu!

MARC

LEADER 00000nam a22000007a 4500
003 cru CIDCACS/IIS
005 20180905131250.0
007 ta
008 180905t2016 sp |||p|r||||||0| ||eng|d
999 |c 41630  |d 41630 
040 |c cru CIDCACS/IIS 
100 1 |9 7617  |a Hein, Jeremy  
245 1 4 |a The primordial refugees:  |b religious traditions, global forced migration, and state-society relations/  |c Jeremy Hein and Tarique Niazi 
300 |a páginas 726-741:  |b tablas 
700 1 |9 7618  |a Niazi, Tarique 
773 0 |0 40365  |9 2216  |a International Sociological Association, ISA  |d Australia ; Los Angeles: ISA, SAGE Publications  |o 18993  |t International Sociology Reviews/  |x 02685809 
942 |2 ddc  |c PP